| 000 | 00557nam a2200205Ia 4500 | ||
|---|---|---|---|
| 003 | IEPS | ||
| 005 | 20250703135329.0 | ||
| 008 | 250223s9999||||xx |||||||||||||| ||und|| | ||
| 020 | _a9789959290533 | ||
| 040 | _CIEPS | ||
| 041 | _aara | ||
| 082 | _a547 | ||
| 100 | _aجرار ، عادل احمد | ||
| 245 | 0 | _aالكيمياء العضوية الحديثة | |
| 250 | _a2 | ||
| 260 |
_aبيروت _bدار الكتاب الجديد المتحدة |
||
| 300 |
_a828 ص. _c24 سم. |
||
| 653 | _aالكمياء العضوية | ||
| 942 | _cكتاب | ||
| 999 |
_c13802 _d13802 |
||